000 00781nam a2200241Ia 4500
999 _c41261
_d41261
001 7914
003 GE_BSU
005 20220930122110.0
008 181216s2012ru xx |||||||||||||| ||rus||
020 _a9785991619042
040 _cGE_BSU
041 _arus
080 _a546(075.8) К-54
100 _aКнязев, Д.А.
_914922
245 _aНеорганическая химия :
_bУч-к для бакалавров /
_cД.А. Князев, С.Н. Смарыгин
250 _a4-е изд.
264 _aМосква :
_bЮрайт,
_c2012.
300 _a592 стр. :
_c21см.
653 _aНеорганическая химия
653 _aარაორგანული ქიმია
700 _aСмарыгин, С.Н.
_914923
942 _cBK
_2udc